000 01372cam a2200325 a 4500
999 _c234134
_d234134
001 3473966
003 Nust
005 20170314120523.0
008 930225s1992 enka b 001 0 eng
010 _a 93119636
020 _a0851863450
040 _aDLC
_cASAB
_dDLC
050 0 0 _aQP519.9.U47
_bA53 1992
082 0 0 _a574.19 HAR
_220
245 0 0 _aAnalytical ultracentrifugation in biochemistry and polymer science /
_cedited by S.E. Harding, A.J. Rowe, J.C. Horton.
260 _aCambridge [England] :
_bRoyal Society of Chemistry,
_cc1992.
300 _axiii, 629 p. :
_bill. ;
_c24 cm.
504 _aIncludes bibliographical references and indexes.
650 0 _aUltracentrifugation.
650 0 _aProteins
_xAnalysis.
650 0 _aPolymers
_xAnalysis.
700 1 _aHarding, S. E.
_q(Stephen E.)
700 1 _aRowe, Arthur Jennison,
_d1933-
700 1 _aHorton, J. C.
_q(John C.)
856 4 2 _3Publisher description
_uhttp://www.loc.gov/catdir/enhancements/fy1109/93119636-d.html
856 4 1 _3Table of contents only
_uhttp://www.loc.gov/catdir/enhancements/fy1109/93119636-t.html
906 _a7
_bcbc
_corignew
_d2
_encip
_f19
_gy-gencatlg
942 _2ddc
_cBK